Estadísticas para Países que ha visitado Luisito Comunica

Haz click aquí para intentar la prueba.

Estadísticas generales

  • Esta prueba ha sido intentada 949 veces
    (784 desde el último reinicio)
  • La puntuación promedio es 30 de 61

Estadísticas de respuestas

Continente/sPaís% Correcto
Norteamérica/OceaníaEstados Unidos
93%
NorteaméricaMéxico
90%
SudaméricaArgentina
87%
NorteaméricaCanadá
86%
Sudamérica/NorteaméricaColombia
86%
Europa/ÁfricaEspaña
86%
Sudamérica/OceaníaChile
85%
AsiaChina
83%
SudaméricaBrasil
81%
SudaméricaPerú
81%
Asia/Oceanía*Japón
80%
Sudamérica/NorteaméricaVenezuela
80%
Europa/AsiaRusia
76%
SudaméricaEcuador
73%
SudaméricaBolivia
72%
EuropaItalia
72%
EuropaAlemania
69%
NorteaméricaEl Salvador
66%
SudaméricaParaguay
66%
NorteaméricaPanamá
65%
NorteaméricaHonduras
64%
NorteaméricaGuatemala
63%
AsiaCorea del Sur
62%
EuropaReino Unido
62%
NorteaméricaNicaragua
57%
AsiaIndia
51%
África/AsiaEgipto
50%
NorteaméricaBelice
47%
Europa/NorteaméricaPaíses Bajos
46%
Asia/EuropaTurquía
45%
EuropaUcrania
44%
EuropaFinlandia
43%
ÁfricaMarruecos
42%
EuropaBélgica
38%
AsiaPakistán
36%
EuropaPolonia
36%
AsiaCatar
35%
AsiaTailandia
35%
AsiaEmiratos Árabes Unidos
33%
AsiaIsrael
32%
EuropaIrlanda
31%
ÁfricaKenia
30%
AsiaIrak
29%
EuropaRumania
29%
EuropaCroacia
27%
EuropaEslovenia
26%
EuropaSerbia
26%
EuropaCiudad del Vaticano
25%
AsiaUzbekistán
24%
EuropaHungría
23%
EuropaRepública Checa
23%
AsiaKirguistán
22%
ÁfricaTanzania
22%
AsiaBangladesh
20%
AsiaCamboya
20%
AsiaJordania
19%
ÁfricaSudán del Sur
18%
AsiaBaréin
15%
AsiaLíbano
14%
AsiaPalestina
9%
AsiaAzerbaiyán
8%

Distribución de puntuación

Porcentaje por número respondido

Porcentaje de gente con cada puntuación

Historial de tus puntuaciones

No has intentado esta prueba desde el último reinicio